00475nam a2200205Ia 4500008004100000020001800041050001400059100001900073245002400092245001900116260001500135260001600150260000900166300001500175300002700190300001000217440002700227440000700254500000800261170918s9999 xx 000 0 und d a9780439314329 bC287 2001 aCarmi, Rebecca aAmazing magnetism / cRebecca Carmi. aNew York : bScholastic, c2001 a76 pages : bcolored illustration ; c19cm. aThe magic school bus ; v12 a570